| 000 | 03871nam a22003137i 4500 | ||
|---|---|---|---|
| 001 | TCPA 22 | ||
| 003 | gtcocun | ||
| 005 | 20250912225538.0 | ||
| 006 | a||||gr|||| 00| 0 | ||
| 008 | 250912b2016 gt ||||| m||| 00| 0 eng d | ||
| 040 |
_agtcocun _bSPA _cgtcocun _eRDA |
||
| 041 | _aSPA | ||
| 084 | _0TCPA 22 | ||
| 100 |
_aToj Moran, Elmer Gabriel _eAutor |
||
| 245 |
_aInforme final del Ejercicio Profesional Supervisado, realizado en la Empresa Constructora Progreso, Cobán, Alta Verapaz/ _cElmer Gabriel Toj Moran _hImpreso |
||
| 264 |
_aCobán, Alta Verapaz: _bUniversidad de San Carlos de Guatemala, Centro Universitario del Norte, Licenciatura en Contaduría Pública y Auditoría. _c2016 |
||
| 300 |
_a65 p.: _bIlustraciones, gráficas. _c28 cm; PDF |
||
| 336 |
_2rdacontenido _aTexto _btxt |
||
| 337 |
_2rdamedio _aComputadora _bn |
||
| 338 |
_2rdasoporte _aCódigo en línea _bcr |
||
| 502 | _e. | ||
| 502 |
_aTesis de grado _bLicenciatura en Contaduría Pública y Auditoría. _cUniversidad de San Carlos de Guatemala, Centro Universitario del Norte, Licenciatura en Contaduría Pública y Auditoría. _d2016 _oTCPA 22 |
||
| 520 | 1 | 4 | _aLa Tricentenaria Universidad de San Carlos de Guatemala (USAC), a través del Centro Universitario del Norte (CUNOR) y la carrera de Contaduría Pública y Auditoria desarrolla como parte de las actividades primordiales, el Ejercicio Profesional Supervisado (EPS), realizándose esté, en la empresa Constructora Progreso, Cobán, Alta Verapaz. La actividad económica principal que desarrolla esta entidad es la construcción de obra civil en general a instituciones privadas y del estado. Como etapa inicial, se realizó un diagnostico empresarial del que se obtuvo el conocimiento de la estructura organizacional, actividades administrativas, contables y operacionales. Se identificaron las debilidades tributarias y contables, mismas que fueron priorizadas de acuerdo a su importancia para su respectiva solución. Se elaboró un plan de trabajo, en el cual se describió el proceso y el tratamiento que se le daría a la problemática. Las acciones realizadas fueron las siguientes: Con respecto a la desactualización contable que presentaba la empresa constructora, se procedió a actualizar los registros contables del año 2 010 al 2 014, logrando con este trabajo presentar la información financiera real. Se procedió a la revisión y rectificación de las declaraciones del Impuesto al Valor Agregado (IVA), Impuesto Sobre la Renta (ISR) e Impuesto de Solidaridad (ISO), con los respectivos cálculos de intereses, multas y moras, por inconsistencias contraídas en la presentación de los formularios de pagos de impuesto. Derivado de la limitante en los pagos de mano de obra indirecta, considerados como gastos no deducibles, se implementó la utilización de la factura especial, como alternativa técnica legal, para sustentar la liquidación de dicha operación y finalmente se pueda reflejar dentro de la contabilidad como gasto deducible. Con estas actividades se contribuyó al fortalecimiento del control interno de las operaciones contables, tributarias y financieras, por lo cual se recomienda a la empresa Constructora Progreso, Cobán, Alta Verapaz, que opere constantemente sus registros contables para evitar información limitada de la situación financiera, requerimientos de información, ajustes y auditorias por parte de la Superintendencia de Administración Tributaria (SAT). |
| 650 | 1 | 4 |
_2LEMB _aCobán, Alta Verapaz _xEstados financieros _xrectificación _xformularios _xfactura especial |
| 700 |
_aLic. Carlos Abraham Sierra Alvarado _eAsesor |
||
| 856 |
_uhttps://drive.google.com/file/d/10GhtJWUhYlBK7uuiAeQQdPpnRK1RdoRp/view?usp=sharing _yPDF _zUn ejemplar en línea. |
||
| 942 |
_2ddc _cTES _iTCPA_22 _kClasificación _n0 _6TCPA__22 |
||
| 999 |
_c1831 _d1831 |
||